| 000 | 01533nam a2200349 ia4500 | ||
|---|---|---|---|
| 003 | OSt | ||
| 005 | 20260506160332.0 | ||
| 008 | 260506t20252025nyua cr 000 1 eng d | ||
| 020 |
_a9780593809280 _cRM 47.95 _qpaperback |
||
| 040 |
_aPPAK _beng _cPPAK _erda |
||
| 082 | 0 | 4 |
_223 _a813.6 |
| 090 | 0 | 0 |
_a813.6 _bPEI _dK |
| 100 | 1 |
_aPeirce, Lincoln, _d1963- _eauthor. |
|
| 245 | 1 | 0 |
_aMAX & the Midknights. _n1, _bWelcome to Byjovia! / _cInspired by the book series by Lincoln Peirce. |
| 246 | 3 | 0 | _aWelcome to Byjovia! |
| 264 | 1 |
_aNew York : _bRandom House, _c[2025] |
|
| 264 | 4 | _c©2025 | |
| 300 |
_a132 pages : _bcolour illustrations ; _c20 cm |
||
| 336 |
_atext _2rdacontent |
||
| 337 |
_aunmediated _2rdamedia |
||
| 338 |
_avolume _2rdacarrier |
||
| 490 | 1 |
_aA nickelodeon Animated Series ; _v1 |
|
| 500 | _a"Based on episodes written by Sharon Flynn, Gavin Laing, Alec Schwimmer, and Lindsay Katai." | ||
| 520 |
_a"Follow Max and her uncle Budrick, her friends Kevyn, Millie, and Simon, and Mumblin the Magician on their misadventures in the kingdom of Byjovia. They will challenge evil King Gastley, become Midknights, battle a sea creature and gargoyles, and learn about a mysterious prophecy... about Max?"--
_cPublisher |
||
| 650 | 1 | 0 |
_aKnights and knighthood _vJuvenile fiction |
| 650 | 2 | 0 |
_aMiddle Ages _vJuvenile fiction |
| 650 | 2 | 0 |
_aMagic _vJuvenile fiction |
| 655 | 7 | _aFantasy fiction. | |
| 655 | 7 | _aHumorous fiction. | |
| 830 | 0 |
_aA nickelodeon animated series ; _v1 |
|
| 942 |
_2ddc _cB |
||
| 999 |
_c204111 _d204111 |
||